[Event "ARG-ch Amateur U1700"]
[Site "Suipacha"]
[Date "2019.11.15"]
[Round "1.8"]
[White "Latashen, Maximo"]
[Black "Lucero Abdala, Juan Carlos"]
[Result "1/2-1/2"]
[WhiteElo "1677"]
[BlackElo "1478"]
[PlyCount "77"]
[EventDate "2019.11.15"]
[EventType "swiss"]
[EventRounds "8"]
[EventCountry "ARG"]
[SourceTitle "EXT 2024"]
[Source "ChessBase"]
[SourceDate "2023.10.10"]
[SourceVersion "1"]
[SourceVersionDate "2023.10.10"]
[SourceQuality "1"]

1. d4 Nf6 2. Nf3 g6 3. c4 Bg7 4. Nc3 0-0 5. e4 d6 6. Be2 e5 7. dxe5 dxe5 8. Qxd8 Rxd8 9. Bg5 Re8 10. 0-0-0 c6 11. Nxe5 Nxe4 12. Nxe4 Bxe5 13. Rhe1 Na6 14. Nf6+ Bxf6 15. Bxf6 Bf5 16. g4 Rxe2 17. Rxe2 Bxg4 18. Re7 Bxd1 19. Kxd1 b6 20. a3 Nc5 21. Rc7 Ne4 22. Bh4 g5 23. Re7 Rd8+ 24. Ke1 gxh4 25. Rxe4 Rd3 26. Rg4+ Kh8 27. c5 b5 28. Rxh4 Rb3 29. Rh6 Rxb2 30. Rxc6 Rc2 31. h4 Kg7 32. h5 h6 33. Kf1 a5 34. Ra6 Rxc5 35. Rxa5 Rxh5 36. a4 Rh1+ 37. Kg2 Ra1 38. Rxb5 Rxa4 39. Rb3 1/2-1/2